000 00563nam a22001695i 4500
001 176485
003 ES-MaACL
005 20230906220110.0
008 110119s2008 sp |||| | spa d
020 _a978-84-612-7295-2
080 _a821.134.2-96"19"
100 1 _aNavarro Zamorano, Salvador.
_985196
245 1 0 _aMonólogo del hombre-dios
_b: recordando nuestra inmortalidad /
_cautor: Salvador Navarro Zamorano.
260 _a[Bunyola (Mallorca) :
_bSalvador Navarro Zamorano],
_cD. L. 2008.
300 _a143 p. ;
_c21 cm.
852 _aES-MaACL
_jE-14085
999 _c176485
_d176485